00499nam a22001577a 450000500170000000800410001702000150005804100130007308200140008610000330010024500840013325000190021726000500023630000290028665000260031520231109055654.0231109b |||||||| |||| 00| 0 eng d a0409028053 aEnglisjh a346.2 LEG aFouche, MA et al. lEnglish  aLegal Principles of Contracts and Negotiable Instruments / cMA Fopuche et al.  aThird Edition  aDurban : bButterworth Publishers (Pty) Ltd,  bvi, 17 pages ; c25 cm.  aLegal practice bLaw